000 00249 a2200109 4500
001 63606
082 _a629.1341 HIS
090 _c37601
_d37601
100 _aHiscocks, R.D
245 _aA care Study in aircraft design
_hEnglish
260 _bAIAA
942 _aCAE NUST
_k629.1341 HIS
999 _c298679
_d298679